All Colorado 14ers on a Map - Statistics

General Stats
  • This quiz has been taken 819 times
  • The average score is 28 of 53
Answers on the Map
Answers color-coded by a green-red scale on the quiz's map according to % correct below.
 
Answer Stats
Elev. Answer % Correct
14,115 Pikes Peak
95%
14,440 Mount Elbert
88%
14,259 Longs Peak
80%
14,271 Mount Evans
76%
14,421 Mount Harvard
74%
14,428 Mount Massive
70%
14,204 Mount Princeton
70%
14,200 Mount Yale
70%
14,278 Grays Peak
67%
14,065 Mount Bierstadt
65%
14,163 Maroon Peak
64%
14,293 Mount Lincoln
64%
14,275 Torreys Peak
64%
14,011 Mount of the Holy Cross
61%
14,271 Quandary Peak
60%
14,155 Mount Democrat
59%
14,351 Blanca Peak
56%
14,203 Crestone Needle
56%
14,300 Crestone Peak
56%
14,137 Capitol Peak
54%
14,178 Mount Bross
54%
14,321 Uncompahgre Peak
54%
14,343 La Plata Peak
52%
14,077 Mount Columbia
52%
14,007 Sunshine Peak
52%
14,158 Mount Sneffels
51%
14,252 Mount Wilson
51%
14,023 Wilson Peak
51%
14,099 Snowmass Mountain
50%
14,043 Mount Sherman
48%
14,276 Mount Antero
47%
14,160 Mount Oxford
47%
14,231 Mount Shavano
46%
14,025 Pyramid Peak
46%
14,074 Missouri Mountain
45%
14,041 Redcloud Peak
45%
14,053 Culebra Peak
44%
14,043 Little Bear Peak
44%
14,171 Kit Carson Mountain
43%
14,279 Castle Peak
42%
14,010 Huron Peak
42%
14,203 Mount Belford
42%
14,022 San Luis Peak
42%
14,065 Sunlight Peak
42%
14,021 Wetterhorn Peak
42%
14,090 Mount Eolus
41%
14,087 Challenger Point
40%
14,058 Handies Peak
40%
14,048 Mount Lindsey
40%
14,162 Tabeguache Peak
40%
14,048 Ellingwood Point
36%
14,070 Humboldt Peak
36%
14,093 Windom Peak
35%
No matching quizzes found
Score Distribution
Percent of People with Each Score
Percentile by Number Answered
Your Score History
You have not taken this quiz